00297nam a2200109Ia 4500008004100000041000800041100001500049245006800064260002800132300000800160999001900168230822s2013 xx 000 0 und d aeng aKRISHEN P. aJUNGLE TREES OF CENTRAL INDIA, A FIELD GUIDE FOR TREE SPOTTERS. bPENGUIN BOOKS LTDc2013 a400 c861046d861046